000 nam a22 7a 4500
999 _c9958
_d9958
008 180209b ||||| |||| 00| 0 eng d
100 _aWilliams.B.
_96014
245 _aRoman Britan 55BC to AD406
260 _bHeinemann
_c1995